<?xml version="1.0" encoding="UTF-8"?><?xml-stylesheet type="text/xsl" href="static/style.xsl"?><OAI-PMH xmlns="http://www.openarchives.org/OAI/2.0/" xmlns:xsi="http://www.w3.org/2001/XMLSchema-instance" xsi:schemaLocation="http://www.openarchives.org/OAI/2.0/ http://www.openarchives.org/OAI/2.0/OAI-PMH.xsd"><responseDate>2026-04-17T02:39:07Z</responseDate><request verb="GetRecord" identifier="oai:www.recercat.cat:10230/60985" metadataPrefix="marc">https://recercat.cat/oai/request</request><GetRecord><record><header><identifier>oai:recercat.cat:10230/60985</identifier><datestamp>2025-12-22T13:34:40Z</datestamp><setSpec>com_2072_6</setSpec><setSpec>col_2072_452952</setSpec></header><metadata><record xmlns="http://www.loc.gov/MARC21/slim" xmlns:dcterms="http://purl.org/dc/terms/" xmlns:xsi="http://www.w3.org/2001/XMLSchema-instance" xmlns:doc="http://www.lyncode.com/xoai" xsi:schemaLocation="http://www.loc.gov/MARC21/slim http://www.loc.gov/standards/marcxml/schema/MARC21slim.xsd">
   <leader>00925njm 22002777a 4500</leader>
   <datafield ind2=" " ind1=" " tag="042">
      <subfield code="a">dc</subfield>
   </datafield>
   <datafield ind2=" " ind1=" " tag="720">
      <subfield code="a">Grothe-Hammer, Michael</subfield>
      <subfield code="e">author</subfield>
   </datafield>
   <datafield ind2=" " ind1=" " tag="720">
      <subfield code="a">Berkowitz, Héloïse</subfield>
      <subfield code="e">author</subfield>
   </datafield>
   <datafield ind2=" " ind1=" " tag="260">
      <subfield code="c">2024-09-03T11:14:32Z</subfield>
   </datafield>
   <datafield ind2=" " ind1=" " tag="260">
      <subfield code="c">2024-09-03T11:14:32Z</subfield>
   </datafield>
   <datafield ind2=" " ind1=" " tag="260">
      <subfield code="c">2024</subfield>
   </datafield>
   <datafield ind2=" " ind1=" " tag="520">
      <subfield code="a">This article addresses one of the oldest, most fundamental questions: how social order comes about. Many established conceptions of social order either tend to overemphasize one specific form of social order such as institutions or networks thereby losing sight of others, or subscribe to a single binary definition often distinguishing between spontaneous and organized social order. Although we do not deny the analytical fruitfulness of these approaches, we argue that they fall short when it comes to fully grasping certain social phenomena. Against this backdrop, we expand existing approaches by accounting for the multi-dimensionality of social order. Drawing on decisional organization theory, we present a theorization of social order that outlines four properties: ontology (system or structure), determination (decided or non-decided), changeability (decidable or non-decidable), and acceptance (accepted or contested). As we will show, this framework offers a fine-grained understanding of social order on a more generalized level, accounting for the complex, relational, and processual nature of social order. This approach allows us to move beyond established categorizations of social phenomena into, for example, institutions or networks, and to put the emphasis on properties of social order, the identification of tipping points, the unpacking of complexity, and the analysis of potential incompatibilities.</subfield>
   </datafield>
   <datafield tag="653" ind2=" " ind1=" ">
      <subfield code="a">Social order</subfield>
   </datafield>
   <datafield tag="653" ind2=" " ind1=" ">
      <subfield code="a">Decided order</subfield>
   </datafield>
   <datafield tag="653" ind2=" " ind1=" ">
      <subfield code="a">Institutions</subfield>
   </datafield>
   <datafield tag="653" ind2=" " ind1=" ">
      <subfield code="a">Partial organization</subfield>
   </datafield>
   <datafield tag="653" ind2=" " ind1=" ">
      <subfield code="a">Decisions</subfield>
   </datafield>
   <datafield tag="653" ind2=" " ind1=" ">
      <subfield code="a">Decisional organization theory</subfield>
   </datafield>
   <datafield tag="653" ind2=" " ind1=" ">
      <subfield code="a">Organization theory</subfield>
   </datafield>
   <datafield ind2="0" ind1="0" tag="245">
      <subfield code="a">Unpacking social order: toward a novel framework that goes beyond organizations, institutions, and networks</subfield>
   </datafield>
</record></metadata></record></GetRecord></OAI-PMH>